zpět

Detail výsledku týmu

Forrum, Brno

Datum a čas kvízu

29 Celkem bodů Celkový počet nahraných bodů na tomto kvízu bez doplňovacích otázek.
2. Pořadí na kvízu Konečné umístění týmu na tomto kvízu.

Zaznamenané odpovědi

# Otázka Odpověď Body Výsledky
1. Český premiér jednal ve středu... 1
2. Kanadská vláda se minulou stře... 1
3. Minulé pondělí proběhlo vyhláš... 0
4. Česká národní banka začala min... 0
5. Jak se jmenuje letošní mistryn... 1
6. V tomto tématu Vás čeká pět vý... 0
7. S Bulharskem nesousedí: 1
8. Z níže vypsaných děl vyberte j... 1
9. Které z těchto zvířat je sudo... 1
10. Které z těchto příjmení je v Č... 0